000 01274nam a2200325 c 4500
003 BLK
005 20180420214935.0
008 180412b bul|||||r ||||||| ||bul||
010 _aKNG00016024000
040 _aBLK
041 _aBUL
_cBUL
080 _aОбща част
_b347.1
_x(497.2)(075.8)
_z347.1(497.2)(075.8)
100 1 _aПатронов, Руси Георгиев
_eпърви автор
_9259168
139 _aПатронов, Руси Георгиев
_bП 28
245 1 0 _aЗаписки по гражданско право
_bПълен курс обща част : По конспект : За студентите от СУ Климент Охридски
_cРуси Георгиев Патронов.
257 _aBGR
260 София
_bИзд. авт.
_c1996
300 _a295 с.
_c23 см
380 _a3
500 _aДеп. списък: 4 ; 500 тир
650 4 _aГражданско право - България - учебници за ВУЗ
_9253051
653 _aзаписки
653 _aгражданско право
653 _aучебници за ВУЗ
852 _aЦб 190725
856 4 _qpdf
_u
856 4 _qpdf
_u
942 _cKNG
_n0
944 _aCR
_c15.01.2003
_kГеновева_Генчева
944 _aED
_c15.01.2007
_k
999 _c14316
_d14316